| 000 | 00579nam a2200145 a 4500 | ||
|---|---|---|---|
| 008 | 121016s1961 ||||||||||||||||| || u | ||
| 050 | _aHM 206 STU | ||
| 100 | _aTheodorson, George A | ||
| 245 | 1 | 0 |
_aStudies in Human Ecology _cedited by George A. Theoedorson |
| 260 |
_aNew York : _bRow, Peterson And Company _c1961 |
||
| 300 | _axii, 626p.: ill. | ||
| 650 | _aHUMAN BEINGS--EFFECTS OF ENVIRONMENT ON | ||
| 650 | 0 | _aHUMAN ECOLOGY | |
| 995 |
_aSPECIAL COLLECTIONS _e500237 _FCBU-DAG HAMMARSKJOLD INSTITUTE LIBRARY _jDAG HM 206 STU _M1 _UAVAILABLE _WJan 9, 2013 _y500237 _ZDHIPS Book Collection |
||
| 999 |
_c484 _d484 |
||